000
00197 a2200097 4500
001
18580
100
_a
Mahmood, K
245
_a
Hamari zindigi
260
_a
_b
Awan-e-Urdu
_c
090
_c
13808
_d
13808
942
_a
NUST-CAE
_c
M
_c
4234
999
_c
253653
_d
253653